1360 1255 1352 1969 1297 1283 1324 1302 1458 1542 1561 1845 1572 1101 1624 1016 1455 1090 1806 1933 1611 1561 1017 1427 1649 1510 1151 1277 1117 1664 1996 1725 1953 1257 1875 1863 1407 1420 1286 1899 1816 1145 1764 1690 1802 1623 1034 1248 1162 1746 1695 1523 1031 1526 1791 1253 1834 1573 1821 1479 1616 1420 1449 1638 1173 1649 1993 1971 1115 1342 1921 1511 1994 1352 1346 1438 1933 1613 1527 1993 1635 1568 1813 1651 1035 1833 1589 1711 1428 1397 1893 1737 1694 1206 1601 1921 1840 1863 1027 BCNSPRNW ULIB Ver.6.0+V

เปลี่ยนเป็นภาษาไทย

Change to English
 แสดงรายละเอียดบรรณานุกรม
  กลับหน้าหลัก

Brief Record : Get Marc (ISO 2709) : E-mail record : QR code < ปิดหน้าต่าง
LEADER : 00000nam 2200000uu 4500
001    13399124981
003     ULIB
008    160527s2558||||th 000 0 tha d
020    ^a9789990095678 (v.2)
060 04 ^aWO100^bต367 ล.2
245 00 ^aตำราศัลยศาสตร์ Vol.2 : Textbook of surgery Vol.2/^cสุทธิพร จิตต์มิตรภาพ,พัฒน์พงศ์ นาวีเจริญ, บรรณาธิการ
246 31 ^aTextbook of surgery
250    ^aพิมพ์ครั้งที่ 13
260    ^aกรุงเทพฯ :^bศูนย์หนังสือจุฬาลงกรณ์มหาวิทยาลัย,^c2558
300    ^a2 เล่ม. :^bภาพประกอบ. ;^c26 ซม.
505 0  ^aHistory and Development of Surgery ... An Approach to Surgery ... Evidence Based Surgery ... Surgery and patient safety ... Responses to Injury ... Fluid, Electrolytes and Acid-Base ... Shock ... Wound Healing and Wound care ... Nutrition in The Surgery patients ... Hemostasis, Surgical Bleeding and Tranfution ... Cardiopulmonary Resuscitation ... Surgical Infection ... Tranplantation ... Anesthsia ... Preoperative and Postoperative Care ... Multiple Organ Dysfunction Syndrome ... Surgical Oncology ... Minimally Invasive Surgery ... Trauma: General Principles ... Burn ... Bites and Stings ... Spinal Injury ... Injury of the neck ... Facial Injuries ... Chest Injury ... Abdominal Injury ... Urology Injury ... Vascular Injury ... General Principle of injury to bones and joints ... Head Injury ... Hand Injury ... Acute Abdomen ... Acute GL Bleeding ... Lower Gastrointestinal Hemorrhage
650  7 ^aศัลยศาสตร์
650  7 ^aศัลยศาสตร์^xตำราเรียน
700 0  ^aสุทธิพร จิตต์มิตรภาพ,^eบรรณาธิการ
700 0  ^aพัฒน์พงศ์ นาวีเจริญ,^eบรรณาธิการ
710 2  ^aจุฬาลงกรณ์มหาวิทยาลัย. ^bคณะแพทยศาสตร์. ^bภาควิชาศัลยศาสตร์
945    ^p470^l0^i23674
945    ^p470^l0^i23675
945    ^p470^l0^i23676
999    ^aทศพร เกษรทอง
รายการนี้ยังไม่มีแท็ก
คุณยังไม่ได้ล็อกอิน คุณสามารถมีกิจกรรมร่วมกับเว็บไซต์ได้ แต่ต้องล็อกอินก่อน ::
  ล็อกอิน

รายการสื่อสารสนเทศ

ลำดับที่ ประเภท เลขเรียก/บาร์โค้ด สถานที่ สถานะ
1. วิทยาศาสตร์การแพทย์ และสุขภาพ
วิทยาศาสตร์การแพทย์ และสุขภาพ
สถานะ=หนังสือเก่า
WO100 ต367 ล.2 ฉ.1 
  Barcode: 23674
ห้องสมุดวิทยาเขตนครสวรรค์
►ส่วนจัดเก็บหนังสือเก่า นว.
บนชั้น
  ขอยืม
2. วิทยาศาสตร์การแพทย์ และสุขภาพ
วิทยาศาสตร์การแพทย์ และสุขภาพ
สถานะ=หนังสือเก่า
WO100 ต367 ล.2 ฉ.2 
  Barcode: 23675
ห้องสมุดวิทยาเขตนครสวรรค์
►ส่วนจัดเก็บหนังสือเก่า นว.
บนชั้น
  ขอยืม
3. วิทยาศาสตร์การแพทย์ และสุขภาพ
วิทยาศาสตร์การแพทย์ และสุขภาพ
สถานะ=หนังสือเก่า
WO100 ต367 ล.2 ฉ.3 
  Barcode: 23676
ห้องสมุดวิทยาเขตนครสวรรค์
►ส่วนจัดเก็บหนังสือเก่า นว.
บนชั้น
  ขอยืม

รายการใกล้เคียง
    หัวเรื่อง [ศัลยศาสตร์]

BibComment


ยังไม่เคยถูกคอมเมนท์

คอมเมนท์ทรัพยากรรายการนี้
  คอมเมนท์: ตำราศัลยศาสตร์ V..


 Copyright 2026. Bcnsprnw @Library